[Event "Managua Hurtado Memorial op"]
[Site "Managua"]
[Date "2021.12.27"]
[Round "2"]
[White "Mendoza, Yegor"]
[Black "Martinez Romero, Luis"]
[Result "0-1"]
[WhiteElo "1914"]
[BlackElo "1773"]
[PlyCount "88"]
[EventDate "2021.12.26"]
[EventType "swiss"]
[EventRounds "9"]
[EventCountry "NCA"]
[SourceTitle "CBM 206 Extra"]
[Source "ChessBase"]
[SourceDate "2022.03.31"]
[SourceVersion "1"]
[SourceVersionDate "2022.03.31"]
[SourceQuality "1"]

1. e4 c5 2. Nf3 d6 3. Nc3 a6 4. g3 Nf6 5. Bg2 e6 6. 0-0 Be7 7. Re1 0-0 8. d4 cxd4 9. Nxd4 Qc7 10. Be3 Nbd7 11. f4 Rb8 12. a4 b6 13. e5 dxe5 14. Nc6 Bd6 15. Nxb8 Qxb8 16. fxe5 Nxe5 17. Ne4 Nxe4 18. Bxe4 Nc4 19. Bd4 e5 20. b3 exd4 21. bxc4 Bb7 22. Qf3 Bxe4 23. Qxe4 Bc5 24. Kg2 Qd6 25. Re2 a5 26. Rd1 Qd7 27. c3 Qxa4 28. Rd3 dxc3 29. Rxc3 Qa1 30. Rf3 a4 31. Qd5 g6 32. Re8 Qg7 33. Qa8 a3 34. Rd3 Qb2+ 35. Kh3 a2 36. Rd1 Kg7 37. Rxf8 Bxf8 38. Qh1 Bd6 39. Rxd6 a1Q 40. Qxa1 Qxa1 41. Rxb6 Qf1+ 42. Kh4 h6 43. Rb4 g5+ 44. Kg4 f5+ 0-1

[Event "Managua Gomez Argenal Memorial"]
[Site "Managua"]
[Date "2021.05.29"]
[Round "1"]
[White "Rivas Sanchez, Elio del Carmen"]
[Black "Martinez Romero, Luis"]
[Result "0-1"]
[WhiteElo "1150"]
[BlackElo "1795"]
[PlyCount "54"]
[EventDate "2021.05.29"]
[EventType "swiss"]
[EventRounds "9"]
[EventCountry "NCA"]
[SourceTitle "EXT 2022"]
[Source "ChessBase"]
[SourceDate "2021.10.06"]
[SourceVersion "1"]
[SourceVersionDate "2021.10.06"]
[SourceQuality "1"]

1. e4 c5 2. Nf3 d6 3. d4 cxd4 4. Nxd4 Nf6 5. Nc3 a6 6. Bd3 e6 7. Bg5 Be7 8. 0-0 0-0 9. Re1 Qc7 10. Qd2 Nbd7 11. Rad1 b5 12. Nce2 Bb7 13. f3 Rac8 14. c3 Ne5 15. f4 Nxd3 16. Qxd3 Bxe4 17. Qe3 Bb7 18. Rf1 h6 19. Bh4 Qc5 20. Qf3 Bxf3 21. Rxf3 e5 22. b4 Qa7 23. fxe5 dxe5 24. Bf2 exd4 25. Bxd4 Qb7 26. Rc1 Rfd8 27. Ng3 Rxd4 0-1

[Event "NCA-ch sf"]
[Site "Managua"]
[Date "2021.02.21"]
[Round "5"]
[White "Arevalo Lopez, Josue"]
[Black "Martinez Romero, Luis"]
[Result "1/2-1/2"]
[WhiteElo "2037"]
[BlackElo "1740"]
[PlyCount "97"]
[EventDate "2021.02.13"]
[EventType "swiss"]
[EventRounds "9"]
[EventCountry "NCA"]
[SourceTitle "EXT 2022"]
[Source "ChessBase"]
[SourceDate "2021.10.06"]
[SourceVersion "1"]
[SourceVersionDate "2021.10.06"]
[SourceQuality "1"]

1. Nf3 Nf6 2. c4 g6 3. d4 Bg7 4. Nc3 0-0 5. g3 d6 6. Bg2 Nc6 7. d5 Nb8 8. h3 e5 9. 0-0 Nh5 10. e4 h6 11. b4 f5 12. Bb2 f4 13. g4 Nf6 14. Ne1 Nbd7 15. Nd3 Nh7 16. f3 Bf6 17. c5 a6 18. Ne2 Bh4 19. Bc3 Be7 20. Rc1 b6 21. cxb6 cxb6 22. Be1 b5 23. Bf2 Nb6 24. Nb2 Bd7 25. Qd2 Qb8 26. a3 Qb7 27. Rc2 Rfc8 28. Rfc1 Bd8 29. Bf1 Rxc2 30. Rxc2 Rc8 31. Nc1 Rxc2 32. Qxc2 Ng5 33. Kg2 h5 34. Be2 hxg4 35. hxg4 Be8 36. Qd1 Qc7 37. Bxb6 Qxb6 38. Nb3 Qc7 39. Nd3 Qc3 40. Nf2 Bb6 41. Bd3 Be3 42. Qc2 Qe1 43. Qe2 Qc3 44. Qc2 Qe1 45. Qe2 Qc3 46. Bc2 Bb6 47. Bd1 Bd7 48. Qd2 Qc7 49. Qe1 1/2-1/2

[Event "NCA-ch sf"]
[Site "Managua"]
[Date "2021.02.21"]
[Round "6"]
[White "Martinez Romero, Luis"]
[Black "Vanegas Lopez, Natanael Emanuel"]
[Result "1-0"]
[WhiteElo "1740"]
[BlackElo "1470"]
[PlyCount "87"]
[EventDate "2021.02.13"]
[EventType "swiss"]
[EventRounds "9"]
[EventCountry "NCA"]
[SourceTitle "EXT 2022"]
[Source "ChessBase"]
[SourceDate "2021.10.06"]
[SourceVersion "1"]
[SourceVersionDate "2021.10.06"]
[SourceQuality "1"]

1. e4 c5 2. Nf3 d6 3. d4 cxd4 4. Nxd4 Nf6 5. Nc3 a6 6. h3 e6 7. g4 Be7 8. Bg2 0-0 9. Be3 e5 10. Nf5 Nc6 11. g5 Ne8 12. Nxe7+ Nxe7 13. Qd2 f5 14. exf5 Nxf5 15. 0-0-0 Nc7 16. Bb6 Qe7 17. Rhe1 Be6 18. f4 Rad8 19. Nd5 Bxd5 20. Bxd5+ Kh8 21. Kb1 Nxd5 22. Bxd8 Qxd8 23. Qxd5 exf4 24. h4 Ne3 25. Qxb7 Nxd1 26. Rxd1 f3 27. Qe4 f2 28. Qe2 Qb6 29. b3 Qb4 30. h5 Qf4 31. Rf1 Qxg5 32. Qxa6 Qe5 33. a4 Qxh5 34. Rxf2 Qd1+ 35. Ka2 Rg8 36. Qb7 Qd4 37. Rf7 Qc3 38. Rc7 Qe5 39. Qc6 h5 40. Rb7 Qc5 41. Qg2 h4 42. Rb5 Qxb5 43. axb5 g5 44. Qg4 1-0

[Event "Managua Hurtado Memorial 19th"]
[Site "Managua"]
[Date "2019.12.30"]
[Round "9"]
[White "Martinez Romero, Luis"]
[Black "Martinez Orozco, Cristiana Yorlene"]
[Result "1-0"]
[WhiteElo "1769"]
[BlackElo "1424"]
[PlyCount "67"]
[EventDate "2019.12.26"]
[EventType "swiss"]
[EventRounds "9"]
[EventCountry "NCA"]
[SourceTitle "CBM 195 Extra"]
[Source "ChessBase"]
[SourceDate "2020.05.31"]
[SourceVersion "1"]
[SourceVersionDate "2020.05.31"]
[SourceQuality "1"]

1. c4 c5 2. g3 e6 3. Bg2 d5 4. cxd5 exd5 5. Nf3 Nf6 6. 0-0 Be7 7. d4 c4 8. Nc3 0-0 9. Bg5 Be6 10. Re1 Nc6 11. a3 h6 12. Bf4 Bd6 13. Be5 Bxe5 14. dxe5 Ng4 15. Nh4 Ngxe5 16. Bxd5 Bxd5 17. Nxd5 Ne7 18. Nxe7+ Qxe7 19. Qc2 Rac8 20. Nf5 Qc5 21. Rad1 b5 22. Rd5 Qc7 23. Qc3 f6 24. Rxb5 Qd7 25. Nd4 Rfd8 26. e3 Qh3 27. Rxe5 fxe5 28. Nf3 e4 29. Ne5 Rc5 30. b4 Rcd5 31. Qxc4 Kf8 32. Ng6+ Ke8 33. Qxe4+ Kf7 34. Rf1 1-0

[Event "Managua Hurtado Memorial 19th"]
[Site "Managua"]
[Date "2019.12.27"]
[Round "3"]
[White "Martinez Romero, Luis"]
[Black "Quintanilla, Marvin"]
[Result "1/2-1/2"]
[WhiteElo "1769"]
[BlackElo "1903"]
[PlyCount "97"]
[EventDate "2019.12.26"]
[EventType "swiss"]
[EventRounds "9"]
[EventCountry "NCA"]
[SourceTitle "CBM 195 Extra"]
[Source "ChessBase"]
[SourceDate "2020.05.31"]
[SourceVersion "1"]
[SourceVersionDate "2020.05.31"]
[SourceQuality "1"]

1. c4 f5 2. g3 e6 3. Bg2 Nf6 4. Nc3 d5 5. cxd5 exd5 6. Nf3 c6 7. 0-0 Bd6 8. d3 0-0 9. Qb3 Kh8 10. Re1 Nbd7 11. Bg5 Qb6 12. Qc2 Ng4 13. e3 Ndf6 14. h3 Ne5 15. Nxe5 Bxe5 16. Bf4 Bxf4 17. exf4 Bd7 18. Re7 Rfe8 19. Rae1 Qc5 20. Rxe8+ Rxe8 21. Rxe8+ Bxe8 22. Qe2 Bf7 23. Qe5 Qb4 24. Qe2 Bh5 25. f3 d4 26. Nd1 Bf7 27. g4 Nd5 28. a3 Qb3 29. gxf5 Nxf4 30. Qd2 Nxd3 31. Kh2 c5 32. f6 h6 33. Bf1 Ne5 34. Qf4 Nxf3+ 35. Kg2 Bd5 36. fxg7+ Kxg7 37. Qc7+ Kg6 38. Qd6+ Be6 39. Bd3+ Kg7 40. Qg3+ Ng5 41. Qe5+ Kf7 42. Qf4+ Ke8 43. Nf2 Qd5+ 44. Kg3 c4 45. Bg6+ Kd7 46. h4 Nf7 47. Ne4 Kc8 48. Bxf7 Bxf7 49. Nd6+ 1/2-1/2

[Event "Managua Gomez Argenal Memorial 19th"]
[Site "Managua"]
[Date "2019.06.09"]
[Round "5"]
[White "Martinez Romero, Luis"]
[Black "Allen Montes, Charles Mijail"]
[Result "1-0"]
[WhiteElo "1753"]
[BlackElo "1419"]
[PlyCount "76"]
[EventDate "2019.06.16"]
[EventType "swiss"]
[EventRounds "9"]
[EventCountry "NCA"]
[SourceTitle "EXT 2020"]
[Source "ChessBase"]
[SourceDate "2019.10.17"]
[SourceVersion "1"]
[SourceVersionDate "2019.10.17"]
[SourceQuality "1"]

1. e4 c5 2. Nf3 e6 3. d4 cxd4 4. Nxd4 Nc6 5. Nc3 a6 6. Be2 Qc7 7. 0-0 Nf6 8. Be3 Be7 9. f4 d6 10. Rf3 Ng4 11. Nxc6 Nxe3 12. Rxe3 bxc6 13. Rh3 d5 14. e5 Bb7 15. Kh1 Rc8 16. Bd3 g6 17. Qg4 c5 18. Rf1 c4 19. Be2 Qd7 20. Bf3 d4 21. Ne4 d3 22. cxd3 cxd3 23. Nc3 Bxf3 24. Qxf3 Rd8 25. Rd1 d2 26. Ne4 Qb5 27. b3 Qa5 28. a4 Qc7 29. g4 Qc2 30. Qe2 Rd4 31. Re3 0-0 32. Rxd2 Rxd2 33. Qxd2 Qb1+ 34. Qe1 Qc2 35. Qe2 Qc1+ 36. Qe1 Qc6 37. Kg1 Bd8 38. Qd1 Bb6 1-0

[Event "Managua Gomez Argenal Memorial 19th"]
[Site "Managua"]
[Date "2019.06.02"]
[Round "2"]
[White "Pilarte, Rene"]
[Black "Martinez Romero, Luis"]
[Result "1-0"]
[WhiteElo "2119"]
[BlackElo "1753"]
[PlyCount "67"]
[EventDate "2019.06.16"]
[EventType "swiss"]
[EventRounds "9"]
[EventCountry "NCA"]
[SourceTitle "EXT 2020"]
[Source "ChessBase"]
[SourceDate "2019.10.17"]
[SourceVersion "1"]
[SourceVersionDate "2019.10.17"]
[SourceQuality "1"]

1. Nf3 Nf6 2. d4 g6 3. c4 Bg7 4. Nc3 d6 5. e4 0-0 6. Be2 e5 7. 0-0 Nc6 8. Be3 Re8 9. dxe5 dxe5 10. Qxd8 Nxd8 11. Rfd1 Ne6 12. h3 c5 13. Nd2 a6 14. Nd5 Nxd5 15. cxd5 Nd4 16. Bxd4 cxd4 17. Rdc1 Bh6 18. Rc7 b5 19. Nb3 f5 20. Nc5 Rb8 21. d6 fxe4 22. d7 Bxd7 23. Nxd7 Re7 24. Nf6+ Kf7 25. Rxe7+ Kxe7 26. Nxe4 Rc8 27. Bd3 Ke6 28. Kf1 Rf8 29. Ke2 Kd5 30. b4 Rf4 31. f3 Rf8 32. a4 bxa4 33. Rxa4 Rb8 34. Bxa6 1-0